Statistieken voor Drukste luchthavens VSA

Klik hier om de quiz te nemen!

Algemene statistieken

  • Deze quiz is 17 keer genomen
  • De gemiddelde score is 19 van 35

Antwoordstatistieken

PassagiersLuchthaven van% Correct
87.5 mLos Angeles
100%
61.9 mNew York (Kennedy)
100%
30.1 mNew York (LaGuardia)
100%
107 mAtlanta
80%
40.9 mBoston
80%
57.8 mSan Francisco
80%
24.1 mWashington (Dulles)
80%
23.5 mWashington (Reagan)
80%
22.0 mChicago (Midway)
70%
83.2 mChicago (O'Hare)
70%
69.1 mDallas (DFW)
70%
16.3 mDallas (Love Field)
70%
43.8 mHouston (George Bush)
70%
49.7 mLas Vegas
70%
45.0 mMiami
70%
49.9 mSeattle
70%
64.5 mDenver
60%
35.2 mDetroit
60%
24.2 mSan Diego
60%
47.7 mOrlando
50%
44.9 mPhoenix
50%
15.9 mAustin
40%
38.0 mMinneapolis
40%
31.7 mPhiladelphia
40%
25.6 mSalt Lake City
40%
46.4 mCharlotte
30%
19.9 mPortland
30%
21.3 mTampa
30%
27.1 mBaltimore
20%
21.0 mHonolulu
20%
16.0 mNashville
20%
14.3 mSan Jose
20%
15.6 mSt. Louis
20%
36.0 mFort Lauderdale
10%
46.1 mNewark
0%

Scoreverdeling

Percentiel versus Aantal Correcte Antwoorden

Procent van Mensen met Elke Score

Uw Scoregeschiedenis

U heeft deze quiz nog niet genomen